Countries ending with "-an" - Statistics

General Stats
  • This quiz has been taken 59 times
  • The average score is 13 of 16
Answer Stats
Answer % Correct
Kazakhstan
96%
Kyrgyzstan
95%
Pakistan
95%
Tajikistan
95%
Afghanistan
93%
Uzbekistan
91%
Turkmenistan
89%
Iran
87%
Oman
82%
Azerbaijan
80%
Bhutan
78%
Jordan
76%
Japan
75%
Sudan
71%
South Sudan
65%
Taiwan
56%
No matching quizzes found
Score Distribution
Percent of People with Each Score
Percentile by Number Answered
Your Score History
You have not taken this quiz